Closer to Fine - Indigo Girls (All Lyrics) - Statistics

General Stats
  • This quiz has been taken 12 times
  • The average score is 319 of 427
Answer Stats
Answer % Correct
Closer
100%
fine,
100%
I
100%
see
100%
the
100%
(The
100%
to
100%
To
100%
a
88%
and
88%
And
88%
from
88%
I'm
88%
less
88%
my
88%
of
88%
we
88%
am
75%
children,
75%
could
75%
did
75%
doctor,
75%
doctor
75%
drank
75%
for
75%
fountain
75%
fountains
75%
give
75%
He
75%
he
75%
in
75%
it
75%
like
75%
look
75%
looked
75%
me
75%
more
75%
mountains
75%
never
75%
on
75%
or
75%
said
75%
seek
75%
through
75%
went
75%
When
75%
yeah
75%
Yeah,
75%
you
75%
all,
63%
answer
63%
best
63%
between
63%
black
63%
'bout
63%
crooked
63%
ever
63%
four
63%
go
63%
hard
63%
hear
63%
his
63%
insight
63%
It's
63%
life
63%
line
63%
marry
63%
Maybe
63%
movie
63%
one
63%
only
63%
philosophy
63%
Pointing
63%
questions
63%
Rasputin
63%
some
63%
somethin'
63%
tell
63%
than
63%
that's
63%
There's
63%
these
63%
thing
63%
tryin'
63%
white
63%
With
63%
with
63%
years
63%
your
63%
after
50%
around
50%
as
50%
beard
50%
blanket
50%
by
50%
call
50%
darkness
50%
definitive
50%
done
50%
down
50%
fear
50%
free
50%
Got
50%
graded
50%
has
50%
head
50%
higher
50%
hunger
50%
insatiable
50%
knee
50%
mind
50%
performance,
50%
safety
50%
sailed
50%
sank
50%
seriously
50%
ship
50%
source
50%
source)
50%
spent
50%
take
50%
'til
50%
was
50%
Well,
50%
wrap
50%
at
38%
before
38%
B-grade
38%
Bible,
38%
clarity
38%
cloudy
38%
crawling
38%
help
38%
I'd
38%
Is
38%
lightness
38%
night
38%
paper
38%
poster
38%
prostrate
38%
seeking
38%
shores
38%
Twice
38%
up
38%
3 a.m.
25%
against
25%
bar
25%
been
25%
board
25%
headache
25%
lookout
25%
read
25%
solace
25%
stand
25%
woke
25%
workout
25%
bottle,
13%
drink
13%
friend
13%
possibly
13%
revival,
13%
stopped
13%
(Woo!),
0%
No matching quizzes found
Score Distribution
Percent of People with Each Score
Percentile by Number Answered
Your Score History
You have not taken this quiz